000 00849nam a2200265Ia 4500
003 OSt
005 20220928111132.0
006 a|||||r|||| 00| 0
007 ta
008 220927b |||||||| |||| 00| 0 eng d
020 _c1295
024 _a107418
037 _b94, 14/01/2010, Better Book Service
_cTextual
040 _aSDCL
_cSDCL
_beng
041 _2eng
_aeng
082 _aX9(J).2'P, P9
100 _aSingh Surjit Ed.
_9421639
245 0 _aChanging contours of Asian agriculture
_b Policies, performance and challenges.
260 _aNew Delhi
_bAcademic Foundation
_c2009
300 _a597p
_ccm.
650 _aCommerce
_9353036
700 _a Reddy V Ratna Ed.
_9421640
942 _hX9(J).2'P, P9
_cTEXL
_2CC
999 _c737950
_d737950